Why high-technology firms choose to locate in or near metropolitan areas (Record no. 67804)

MARC details
000 -LEADER
fixed length control field 00945cam a2200241 4500
001 - CONTROL NUMBER
control field ABS64228
008 - FIXED-LENGTH DATA ELEMENTS--GENERAL INFORMATION
fixed length control field 010726n2001 000 0 eng u
035 ## - SYSTEM CONTROL NUMBER
System control number (Sirsi) u113813
100 ## - MAIN ENTRY--PERSONAL NAME
Personal name Frenkel, A.
245 ## - TITLE STATEMENT
Title Why high-technology firms choose to locate in or near metropolitan areas
260 ## - PUBLICATION, DISTRIBUTION, ETC.
Date of publication, distribution, etc. 2001
490 ## - SERIES STATEMENT
Series statement Urban Studies
Volume/sequential designation 38(7) 2001, 1083-1101(19)
520 ## - SUMMARY, ETC.
Summary, etc. Paper reports on an empirical study of the choice of location of Israeli hi-tech industries within a metropolitan area. Research is based on survey data from hi-tech plants and considers the effect of a variety of factors on location choice. The significance of the research for industrial policy is also examined.
590 ## - LOCAL NOTE (RLIN)
Local note ABS
650 ## - SUBJECT ADDED ENTRY--TOPICAL TERM
Topical term or geographic name entry element PLANTS
650 ## - SUBJECT ADDED ENTRY--TOPICAL TERM
Topical term or geographic name entry element INDUSTRIAL POLICY
650 ## - SUBJECT ADDED ENTRY--TOPICAL TERM
Topical term or geographic name entry element LOCATION FACTORS
650 ## - SUBJECT ADDED ENTRY--TOPICAL TERM
Topical term or geographic name entry element ISRAEL
650 ## - SUBJECT ADDED ENTRY--TOPICAL TERM
Topical term or geographic name entry element INDUSTRIAL COMPANIES
650 ## - SUBJECT ADDED ENTRY--TOPICAL TERM
Topical term or geographic name entry element RESEARCH
690 ## - LOCAL SUBJECT ADDED ENTRY--TOPICAL TERM (OCLC, RLIN)
Topical term or geographic name as entry element PROPERTY-COMMERCIAL PROPERTY
942 ## - ADDED ENTRY ELEMENTS (KOHA)
Suppress in OPAC 0
Holdings
Withdrawn status Lost status Source of classification or shelving scheme Damaged status Not for loan Home library Current library Shelving location Date acquired Total Checkouts Full call number Barcode Date last seen Copy number Price effective from Koha item type
    Dewey Decimal Classification     London London Journal article 26/07/2001   ABS64228 113813-1001 06/08/2019 1 06/08/2019 Journal article